书目信息 |
| 题名: |
铁路规道结构数值分析方法
|
|
| 作者: | 雷晓燕 编著 | |
| 分册: | ||
| 出版信息: | 北京 中国铁道出版社 1998.11 |
|
| 页数: | 270页 | |
| 开本: | 32开 | |
| 丛书名: | ||
| 单 册: | ||
| 中图分类: | ||
| 科图分类: | ||
| 主题词: | 铁路线路--铁路工程 | |
| 电子资源: | ||
| ISBN: | 7-113-03042-4 | |
| 000 | 00602nam0 2200205 45 | |
| 001 | 9911030942 | |
| 005 | 19991103090608.6 | |
| 010 | @a7-113-03042-4@d25.00元 | |
| 100 | @a19991103d1998 km y0chiy0120 ea | |
| 101 | @achi | |
| 105 | @a z 000yy | |
| 200 | 1 | @a铁路规道结构数值分析方法@ATie Lu Gui Dao Jie GouShu Zhi Fen Xi Fang Fa@f雷晓燕编著@FLei Xiao Yan Bian Zhu |
| 210 | @a北京@c中国铁道出版社@d1998.11 | |
| 215 | @a270页@d32开 | |
| 606 | 0 | @a铁路线路@x铁路工程 |
| 690 | @v3 | |
| 690 | @aU213.2 | |
| 701 | @a雷晓燕@4编著 | |
| 801 | @aCN@bPFTUser@c19991103 | |
| 905 | @f3@b42305-307@dU213.2@eL928 | |
| 铁路规道结构数值分析方法/雷晓燕编著.-北京:中国铁道出版社,1998.11 |
| 270页;32开 |
| ISBN 7-113-03042-4:25.00元 |
| ● |
| 相关链接 |
|
|
|
正题名:铁路规道结构数值分析方法
索取号:U213.2/L928
 
预约/预借
| 序号 | 登录号 | 条形码 | 馆藏地/架位号 | 状态 | 备注 |
| 1 | 42305 | 200423050 | 自科二线404/404自科库 24排5列3层/ [索取号:U213.2/L928] | 在馆 | |
| 2 | 42306 | 200423069 | 自科库501/501自科库 49排4列3层/ [索取号:U213.2/L928] | 在馆 | |
| 3 | 42307 | 200423078 | 自科库501/501自科库 49排4列3层/ [索取号:U213.2/L928] | 在馆 |